LEADER 01022nam a2200277 u 4500 001 000000120702 003 CaOOAMICUS 005 20100312113627.0 008 100312s1943 it u000 u ita r 040 $aPUL$bita$dMCT 041 1 $aita$hfre 100 1 $aBiot, René,$d1889-1966.$0(OLS)http://pul/name/2692 245 13$aIl corpo e l'anima /$cdottor Renato Biot ; traduzione di Giulio Cenci. 250 $a2. ed. 260 $aBrescia :$bMorcelliana,$c1943. 300 $a281 p. ;$c18 cm 490 1 $aProblemi e Opinioni 504 $aBibliografia in nota. 650 4$aAnima e corpo.$0(OLS)http://pul/subject/7845 700 1 $aCenci, Giulio.$0(OLS)http://pul/name/59076 830 0$aProblemi e Opinioni.$0(OLS)http://pul/title/35206 850 $aPUL 852 $aPUL$W1$xDP1 Filosofia 1$y19$m585 C 38$j138342$qStampati$B137569$CPULBib$Z2$F137569 $82 941 1 $a8 996 $6245$aIl corpo e l'anima$9(OLS)http://pul/title/83554 996 $6260$aBrescia :$bMorcelliana$9(OLS)http://pul/publisher/47854 LEADER 01096nam a2200277 u 4500 001 000000072786 003 CaOOAMICUS 005 20070226122259.0 008 020621s1966 fr u000 u fre u 035 $a10934325 040 $aPUL(R)$bita 100 1 $aMendès France, Pierre,$d1907-$0(OLS)http://pul/name/48160 245 13$aLa République moderne :$bpropositions /$cPierre Méndes France. 250 $aNouvelle ed. augm. 260 $aParis :$bGallimard,$cc1976. 300 $a311 p. ;$c16 cm 490 1 $aCollection Idées 500 $aContiene indici. 504 $aBibliografia in nota. 651 4$aFrancia$xPolitica e governo$ySec. XX.$0(OLS)http://pul/subject/14238 830 0$aCollection Idées.$0(OLS)http://pul/title/35248 850 $aPUL 852 $aPUL$W1$xDP1 Cons. Gen., Altre Classi 1$y22$m841 G 59$j94154$nBK-PRI$b $qStampati$B94154$CPULBib$Z2$F94154 $H64314 $81 941 1 $a8 996 $6245$aLa République moderne :$bpropositions$9(OLS)http://pul/title/95721 996 $6260$aParis :$bGallimard$9(OLS)http://pul/publisher/48435